Počítače v systéme spracovania informácií

Saved in:
Bibliographic Details
Main Author: Majerová, Emília
Format: Book
Language:Slovak
Published: Bratislava Alfa 1981
Series:Redakcia ekonomickej literatury
Tags: Add Tag
No Tags, Be the first to tag this record!

MARC

LEADER 00000nam a2200000 4500
001 c142257
005 20041019155324.3
041 0 |a slo 
044 |a SK 
245 1 0 |a Počítače v systéme spracovania informácií 
264 1 |a Bratislava  |b Alfa  |c 1981 
300 |a 248 s. 
490 1 |a Redakcia ekonomickej literatury 
830 0 |a Redakcia ekonomickej literatury 
100 1 |a Majerová, Emília